000 00688pam a2200205 4500
001 1984
005 20181127164334.0
008 900913t19911965nyu b 001 0 eng
010 _a 90048341
043 _ae-fr---
100 1 _aCollins, Larry.
245 1 0 _aIs Paris burning? /
_cLarry Collins and Dominique Lapierre.
260 _aNoida :
_bVikas Publishing House,
_c2008.
300 _a409 p. ;
_c18 cm.
500 _aReprint. Originally published: New York : Simon and Schuster, 1965.
504 _aIncludes bibliographical references and index.
650 0 _aWorld War, 1939-1945
_zFrance
_zParis.
651 0 _aParis (France)
_xHistory
_y1940-1944.
700 1 _aLapierre, Dominique.
999 _c1535
_d1535